Statistics for Members of NCT Dream (Kpop)

Click here to take the quiz!

General Stats

  • This quiz has been taken 848 times
  • The average score is 7 of 7

Answer Stats

Answer % Correct
Mark
99%
Chenle
98%
Jisung
98%
Jeno
97%
Jaemin
97%
Haechan
96%
Renjun
94%

Score Distribution

Percentile by Number Answered

Percent of People with Each Score

Your Score History

You have not taken this quiz